| 000 | 00426nam a2200169Ia 4500 | ||
|---|---|---|---|
| 008 | 210210b1920 xxu||||| |||| 00| 0 eng d | ||
| 041 | _aeng | ||
| 082 | _a822/858 | ||
| 100 | _aMONK (F F) | ||
| 245 | _aRepresentative classical essays | ||
| 260 |
_aLondon _bLongmans Green and Company Limited _c1920 |
||
| 650 | _aRepresentative | ||
| 650 | _aessays | ||
| 650 | _aclassical | ||
| 690 | _aEnglish Prose | ||
| 906 | _a013042 | ||
| 999 |
_c131876 _d131876 |
||